METHODOLOGY OF DEVELOPMENT PLANNING IN SMALL COMMUNITIES

Podrobná bibliografia
Hlavný autor: Rabenseifer, Roman (Autor)
Médium: Článok
Jazyk:slovenčina
ISBN:8022724815

MARC

LEADER 00000naa a2200000uu 4500
001 vtls011095468
003 SK-MaSNL
005 20260302110858.0
008 210824|2006 xo |||||||||||||||||slo|
015 |a SNBRA 
035 |a (urnnbn)urn:nbn:sk:snk:ar-a0ctxs 
035 |a (uuid)7cb42fd8-10e7-4cb9-b60d-6178c9d53328 
035 |a urn:nbn:sk:snk-aavzk9 
040 |a SNKBUCL  |b slo  |c SNKBUCL  |e AACR2 
041 0 |a slo 
044 |a xo  |c SK 
100 1 |a Rabenseifer, Roman  |4 aut  |9 774737 
245 1 0 |a METHODOLOGY OF DEVELOPMENT PLANNING IN SMALL COMMUNITIES  |c Roman Rabenseifer 
246 3 |a METODIKA TVORBY ROZVOJOVÝCH PLÁNOV MALÝCH OBCÍ 
773 0 |t Vidiecke stavby 2006 : zborník z medzinárodnej vedeckej konferencie : Nitra, 14. septembra 2006  |d Bratislava : Slovenská technická univerzita, 2006  |g S. 130-134  |z 8022724815 
958 |a OND 
958 |a article12 
958 |a chapter 
999 |c 1245274  |d 1247204